| 000 | 00731nam a2200265 4500 | ||
|---|---|---|---|
| 001 | 0000015892 | ||
| 003 | CO-CtgCURN | ||
| 005 | 20250331191042.0 | ||
| 007 | ta | ||
| 008 | 160627s1979 000 0 eng d | ||
| 040 |
_aCO-CtgCURN _bspa _ccoctgcurn |
||
| 082 | 0 |
_a843 _bS125j |
|
| 100 | 1 | _aJustine. | |
| 245 | 1 | 0 |
_aMarques de sade / _cJustine. |
| 260 |
_aBogotá : _bEdinal Ltda, _c1979. |
||
| 300 | _a293 p. | ||
| 336 | _2rdacontent | ||
| 337 |
_2rdamedia _asin mediacion _bn |
||
| 338 |
_2rdacarrier _avolumen _bnc |
||
| 505 | 8 | _aObra Literaria | |
| 650 | 1 | 4 | _aCritica e interpretacion. |
| 908 | _a160627 | ||
| 942 |
_cBK _h843 _iS125j _2ddc |
||
| 999 |
_c25842 _d25842 |
||